000
00224nam a22000857a 4500
008
160718b xxu||||| |||| 00| 0 eng d
100
_9
3020
_a
Twain, M
245
_a
The Adventures of Tom Sawyer
260
_a
England
_b
Longman
_c
2001
999
_c
2583
_d
2583